Malé a stredné podniky v jednotlivých ekonomických odvetviach v SR

Význam malých a stredných podnikov na Slovensku, ich podiel v jednotlivých vybraných ekonomických odvetviach Slovenska.

Saved in:
Bibliographic Details
Main Author: Dobai Korcsmáros, Enikő
Other Authors: Seres Huszárik, Erika
Format: Book Chapter
Language:Slovak
Subjects:
Tags: Add Tag
No Tags, Be the first to tag this record!

MARC

LEADER 00000naa a2200000 4500
001 0165839
005 20240502072905.2
041 0 |a slo 
044 |a SK 
245 1 0 |a Malé a stredné podniky v jednotlivých ekonomických odvetviach v SR  |c Enikő Dobai Korcsmáros, Erika Seres Huszárik 
520 |a Význam malých a stredných podnikov na Slovensku, ich podiel v jednotlivých vybraných ekonomických odvetviach Slovenska. 
610 2 0 |a podnik malý 
610 2 0 |a Slovensko 
610 2 0 |a prostredie podnikateľské 
610 2 0 |a sektory hospodárske 
610 2 0 |a podnikanie 
100 1 |a Dobai Korcsmáros, Enikő 
700 1 |a Seres Huszárik, Erika